MARC details
| 000 -CABECERA |
| campo de control de longitud fija |
01028nam a2200217 u 4500 |
| 001 - NÚMERO DE CONTROL |
| campo de control |
000020280 |
| 005 - FECHA Y HORA DE LA ÚLTIMA TRANSACCIÓN |
| campo de control |
20240705073646.0 |
| 008 - DATOS DE LONGITUD FIJA--INFORMACIÓN GENERAL |
| campo de control de longitud fija |
100802s2015 dr r 000 0 spa d |
| 020 ## - NÚMERO INTERNACIONAL ESTÁNDAR DEL LIBRO |
| Número Internacional Estándar del Libro |
9789945897081 |
| 040 ## - FUENTE DE LA CATALOGACIÓN |
| Centro catalogador/agencia de origen |
DO-SdBNP |
| Lengua de catalogación |
spa |
| Centro/agencia transcriptor |
BNPHU |
| 082 ## - NÚMERO DE LA CLASIFICACIÓN DECIMAL DEWEY |
| Número de clasificación |
xxx |
| Número de documento/Ítem |
xxx |
| 100 1# - ENTRADA PRINCIPAL--NOMBRE DE PERSONA |
| Nombre de persona |
Hostos, Eugenio María de, |
| Fechas asociadas al nombre |
1839-1903 |
| 9 (RLIN) |
1352 |
| 245 10 - MENCIÓN DE TÍTULO |
| Título |
Lecciones de derecho constitucional / |
| Mención de responsabilidad, etc. |
Eugenio María de Hostos ; coordinador Justo Pedro Castellano Khoury : edición Leanor Tejada. |
| 260 ## - PUBLICACIÓN, DISTRIBUCIÓN, ETC. |
| Lugar de publicación, distribución, etc. |
Santo Domingo : |
| Nombre del editor, distribuidor, etc. |
Tribunal Cosntitucional de la República Dominicana, |
| Fecha de publicación, distribución, etc. |
2015. |
| 300 ## - DESCRIPCIÓN FÍSICA |
| Extensión |
434 p. ; |
| Dimensiones |
24 cm. |
| 490 1# - MENCIÓN DE SERIE |
| Mención de serie |
Clásicos de derecho constitucional |
| 505 0# - NOTA DE CONTENIDO CON FORMATO |
| Nota de contenido con formato |
Palabras del magistrado presidente Dr. Milto Ray Guevara -- Primera parte : Idea definiciones, sujeto y objeto de la ciencia --Segunda Parte : Base de constitución -- Tercera parte: Constitución del Estado. |
| 700 12 - PUNTO DE ACCESO ADICIONAL--NOMBRE DE PERSONA |
| Nombre de persona |
Tejada, Leanor |
| 9 (RLIN) |
42912 |
| 700 12 - PUNTO DE ACCESO ADICIONAL--NOMBRE DE PERSONA |
| Nombre de persona |
Castellano Khoury, Justo Pedro |
| Término indicativo de función/relación |
coordinador |
| 9 (RLIN) |
42913 |
| 830 #0 - PUNTO DE ACCESO ADICIONAL DE SERIE-TÍTULO UNIFORME |
| Título uniforme |
Clásicos de derecho constitucional |
| 9 (RLIN) |
42914 |